Normal view
MARC view
- DE-MTS-36
Entry Topical Term
001 - CONTROL NUMBER
- control field: 71746
003 - CONTROL NUMBER IDENTIFIER
- control field: NUST
005 - DATE AND TIME OF LATEST TRANSACTION
- control field: 20210628204656.0
008 - FIXED-LENGTH DATA ELEMENTS
- fixed length control field: 210628|| aca||aabn | a|a d
040 ## - CATALOGING SOURCE
- Original cataloging agency: NUST
- Transcribing agency: NUST
150 ## - HEADING--TOPICAL TERM
- Topical term or geographic name entry element: DE-MTS-36
670 ## - SOURCE DATA FOUND
- Source citation: Work cat.: (NUST): MAHAM RASHID AMNA BIBI LAIBA SAADAT 71745, PR-SOF-1674-MULTIVARIATE EEG SIGNAL CLASSIFICATION BASED ON MOTOR IMAGERY USING FOUR LIMB MOVEMENTS, 2018
